<?xml version="1.0" encoding="UTF-8"?>
<record
    xmlns:xsi="http://www.w3.org/2001/XMLSchema-instance"
    xsi:schemaLocation="http://www.loc.gov/MARC21/slim http://www.loc.gov/standards/marcxml/schema/MARC21slim.xsd"
    xmlns="http://www.loc.gov/MARC21/slim">

  <leader>02222cam a2200325 a 4500</leader>
  <datafield tag="999" ind1=" " ind2=" ">
    <subfield code="c">6537</subfield>
    <subfield code="d">6537</subfield>
  </datafield>
  <controlfield tag="001">12917591</controlfield>
  <controlfield tag="003">OSt</controlfield>
  <controlfield tag="005">20200123110114.0</controlfield>
  <controlfield tag="008">020905s2003    maua     b    001 0 eng  </controlfield>
  <datafield tag="010" ind1=" " ind2=" ">
    <subfield code="a">  2001133251</subfield>
  </datafield>
  <datafield tag="020" ind1=" " ind2=" ">
    <subfield code="a">0618123296</subfield>
  </datafield>
  <datafield tag="020" ind1=" " ind2=" ">
    <subfield code="a">8177225197</subfield>
  </datafield>
  <datafield tag="040" ind1=" " ind2=" ">
    <subfield code="a">DLC</subfield>
    <subfield code="c">DLC</subfield>
    <subfield code="d">DLC</subfield>
  </datafield>
  <datafield tag="050" ind1="0" ind2="0">
    <subfield code="a">HF5549</subfield>
    <subfield code="b">.F554 2003</subfield>
  </datafield>
  <datafield tag="082" ind1="0" ind2="0">
    <subfield code="a">658.3</subfield>
    <subfield code="2">21</subfield>
    <subfield code="b">FIS/H</subfield>
  </datafield>
  <datafield tag="100" ind1=" " ind2=" ">
    <subfield code="a">Fisher, Cynthia D </subfield>
    <subfield code="9">796</subfield>
  </datafield>
  <datafield tag="245" ind1="1" ind2="0">
    <subfield code="a">Human resource management /</subfield>
    <subfield code="c">Cynthia D. Fisher, Lyle F. Schoenfeldt, James B. Shaw.</subfield>
  </datafield>
  <datafield tag="250" ind1=" " ind2=" ">
    <subfield code="a">5th ed.</subfield>
  </datafield>
  <datafield tag="260" ind1=" " ind2=" ">
    <subfield code="a">Boston :</subfield>
    <subfield code="b">Houghton Mifflin Co.,</subfield>
    <subfield code="c">c2003.</subfield>
  </datafield>
  <datafield tag="300" ind1=" " ind2=" ">
    <subfield code="a">xxvi, 918 p. :</subfield>
    <subfield code="b">col. ill. ;</subfield>
    <subfield code="c">26 cm.</subfield>
  </datafield>
  <datafield tag="504" ind1=" " ind2=" ">
    <subfield code="a">Includes bibliographical references and indexes.</subfield>
  </datafield>
  <datafield tag="505" ind1="8" ind2=" ">
    <subfield code="a">Machine generated contents note: PART 1 Overview and Introduction -- 1 An Introduction to Human Resource Management -- PART 2 Planningfor Organizations, Jobs, and People -- 2 Strategic Human Resource Management -- 3 Human Resource Planning -- 4 Job Analysis: Concepts, Procedures, and Choices -- PART 3 Acquiring Human Resources -- 5 Equal Employment Opportunity: The Legal Environment -- 6 Recruiting and Job Search -- 7 Measurement and Decision-Making Issues in Selection -- 8 Assessing Job Candidates: Tools for Selection -- PART 4 Building Individual and Organizational Performance -- 9 Human Resource Development -- 10 Human Resource Approaches to Improving Competitiveness -- PART 5 Rewarding Employees -- 11 Performance Assessment and Management -- 12 Compensation System Development -- 13 Incentive Compensation and Benefits -- PART 6 Maintaining Human Resources -- 14 Safety and Health: A Proactive Approach -- 15 Labor Relations and Collective Bargaining -- 16 Employment Transitions -- PART 7 Multinational Human Resource Management -- 17 Managing Human Resources in Multinational Organizations.</subfield>
  </datafield>
  <datafield tag="650" ind1=" " ind2="0">
    <subfield code="a">Personnel management.</subfield>
  </datafield>
  <datafield tag="700" ind1="1" ind2=" ">
    <subfield code="a">Schoenfeldt, Lyle F.</subfield>
    <subfield code="9">1462</subfield>
  </datafield>
  <datafield tag="700" ind1="1" ind2=" ">
    <subfield code="a">Shaw, James B.</subfield>
  </datafield>
  <datafield tag="856" ind1="4" ind2="1">
    <subfield code="3">Table of contents</subfield>
    <subfield code="u">http://www.loc.gov/catdir/toc/fy032/2001133251.html</subfield>
  </datafield>
  <datafield tag="906" ind1=" " ind2=" ">
    <subfield code="a">7</subfield>
    <subfield code="b">cbc</subfield>
    <subfield code="c">origcop</subfield>
    <subfield code="d">3</subfield>
    <subfield code="e">ncip</subfield>
    <subfield code="f">20</subfield>
    <subfield code="g">y-gencatlg</subfield>
  </datafield>
  <datafield tag="942" ind1=" " ind2=" ">
    <subfield code="2">ddc</subfield>
    <subfield code="c">BK</subfield>
    <subfield code="h">658.3</subfield>
    <subfield code="i">FIS/H</subfield>
    <subfield code="k">658.3</subfield>
    <subfield code="m">FIS/H</subfield>
  </datafield>
</record>
